Smlouva o tichém společenství. Jaká práva a povinnosti vyplývají společníkovi z poskytnutí vkladu do podnikání?

Úprava a ustanovenie zmluvy o tichom spoločenstve. Ustanovenie zmluvy určuje obchodný zákonník ­ 673-681. Práva a povinnosti tichého spoločníka, podiel na zisku alebo strate.

Gespeichert in:
Bibliographische Detailangaben
1. Verfasser: Marek, K.
Format: Buchkapitel
Sprache:Tschechisch
Schlagworte:
Tags: Tag hinzufügen
Keine Tags, Fügen Sie das erste Tag hinzu!

MARC

LEADER 00000naa a2200000 4500
001 r013124
005 20221213081144.6
041 0 |a cze 
044 |a CZ 
245 1 0 |a Smlouva o tichém společenství.  |b Jaká práva a povinnosti vyplývají společníkovi z poskytnutí vkladu do podnikání?  |c K. Marek 
520 |a Úprava a ustanovenie zmluvy o tichom spoločenstve. Ustanovenie zmluvy určuje obchodný zákonník ­ 673-681. Práva a povinnosti tichého spoločníka, podiel na zisku alebo strate. 
610 2 0 |a spoločenstvo tiché 
610 2 0 |a zákonník obchodný 
610 2 0 |a Čechy 
610 2 0 |a zmluvy hospodárske 
100 1 |a Marek, K.